Tour d'Italie : les Français vainqueurs d'étape(s) - Statistiques

Statistiques générales
  • Ce quiz a été pris 83 fois
  • Le résultat moyen est 16 sur 42
Statistiques - réponses
Nombre d'étapes Période Nom % Correct
6 1970-1999 Bernard {Hinault}
100%
8 2000-2023 Arnaud {Démare}
91%
6 1946-1969 Jacques {Anquetil}
91%
3 1970-1999 Laurent {Jalabert}
91%
3 2000-2023 Nacer {Bouhanni}
88%
1 2000-2023 Thibaut {Pinot}
81%
1 2000-2023 Nans {Peters}
80%
2 1946-1969 Louison {Bobet}
78%
2 1970-1999 Laurent {Fignon}
70%
1 2000-2023 Victor {Lafay}
68%
1 1970-1999 Richard {Virenque}
66%
1 1970-1999 Jean-René {Bernaudeau}
62%
1 1946-1969 Antonin {Rolland}
61%
1 2000-2023 Pierre {Rolland}
61%
1 2000-2023 Aurélien {Paret-Peintre}
55%
4 1970-1999 Jean-François {Bernard}
54%
1 2000-2023 John {Gadret}
51%
1 1970-1999 Charly {Mottet}
47%
1 2000-2023 Jérôme {Pineau}
45%
1 1946-1969 André {Darrigade}
42%
2 1946-1969 Jean {Stablinski}
32%
1 1970-1999 Martial {Gayant}
27%
1 1970-1999 Armand {de Las Cuevas}
26%
1 1970-1999 François {Simon}
24%
1 1970-1999 Thierry {Marie}
23%
1 2000-2023 Christophe {Le Mével}
16%
1 1946-1969 Jean {Dotto}
8%
1 1970-1999 Pascal {Hervé}
8%
2 1970-1999 Eric {Boyer}
7%
1 1970-1999 Laurent {Roux}
7%
1 2000-2023 Damien {Monier}
5%
3 1919-1940 Jean {Alavoine}
4%
1 1970-1999 Robert {Forest}
4%
1 1970-1999 Yvon {Bertin}
4%
1 1946-1969 Charly {Grosskost}
3%
1 1970-1999 Jean-Claude {Bagot}
3%
1 1909-1914 Jean-Baptiste {Dortignacq}
1%
1 1919-1940 Fernand {Cornez}
0%
1 1946-1969 Joseph {Carrara}
0%
1 1919-1940 Maurice {Archambaud}
0%
1 1970-1999 Philippe {Casado}
0%
1 1919-1940 René {Debenne}
0%
Aucun quiz correspondant
Distribution des résultats
% des personnes avec chaque résultat
Percentile par nombre de réponses
Votre historique - résultats
Vous n’avez pas pris ce quiz